| 000 | 00771nam a22002057a 4500 | ||
|---|---|---|---|
| 999 |
_c8240 _d8240 |
||
| 003 | AR-CdUCM | ||
| 008 | 190322b ||||| |||| 00| 0 spa d | ||
| 020 | _a968-18-0088-5 | ||
| 040 |
_aMUNICIPALIDAD PROVINCIAL DEL CUSCO _cBIBLIOTECA MUNICIPAL DEL CUSCO |
||
| 082 |
_a574 / _bN26 |
||
| 100 |
_aNason, Alvin _920602 |
||
| 245 | _aBiología / | ||
| 260 |
_aMéxico : _bLimusa, _c1991. |
||
| 300 |
_a726 paginas ; _c25 cm. |
||
| 505 | _aContenido :La biología y el mundo de las ideas -- Estructura de la célula -- Principios químicos y físicos -- La sustancia hereditaria y su mecanismo de acción -- Concepto de especie y bases de la clasificación ... | ||
| 650 |
_aBiología _9881 |
||
| 650 |
_aCiencias aplicadas _920077 |
||
| 942 |
_2ddc _cLIBROS |
||
| 945 | _arum | ||